Santander en la Guerra de la Independencia / (Record no. 144006)

MARC details
000 -LEADER
campo de control de longitud fija 00476nam a2200157 4500
001 - NÚMERO DE CONTROL
campo de control 144006
003 - IDENTIFICADOR DE NÚMERO DE CONTROL
campo de control ES-MaACL
005 - FECHA Y HORA DE LA ÚLTIMA TRANSACCIÓN
campo de control 20230906200926.0
007 - CAMPO FIJO DE DESCRIPCIÓN FÍSICA--INFORMACIÓN GENERAL
campo de control de longitud fija t|
008 - DATOS DE LONGITUD FIJA--INFORMACIÓN GENERAL
campo de control de longitud fija 070214s1968 sp r ||||1| spa d
100 1# - ENTRADA PRINCIPAL--NOMBRE DE PERSONA
Nombre de persona Simón Cabarga, José.
9 (RLIN) 106542
245 10 - MENCIÓN DEL TÍTULO
Título Santander en la Guerra de la Independencia /
Mención de responsabilidad, etc. José Simón Cabarga.
260 ## - PUBLICACIÓN, DISTRIBUCIÓN, ETC.
Lugar de publicación, distribución, etc. Santander :
Nombre del editor, distribuidor, etc. Simón Cabarga,
Fecha de publicación, distribución, etc. 1968 (
Fabricante Jean)
300 ## - DESCRIPCIÓN FÍSICA
Extensión 318 p., 22 lám. ;
Dimensiones 21 cm.
852 ## - LOCALIZACIÓN
Ubicación ES-MaACL
Número de control de estantería C-35954
Sublocalización o colección R.68516
Holdings
Estatus retirado Estado de pérdida Estado de daño No para préstamo Biblioteca de origen Biblioteca actual Ubicación en estantería Fecha de adquisición Fuente de adquisición Total de préstamos Signatura topográfica completa Código de barras Visto por última vez Precio de reemplazo Tipo de ítem Koha
        Biblioteca del Ateneo de Madrid Biblioteca del Ateneo de Madrid Depósito 2 17/01/2008     C-35954 1149829 23/02/2023 23/02/2023 Libro impreso